Die Führungselite in Frankfurt (Oder) am Ende der NS-Zeit. Teil 1 / (Titelsatznr. 373305)
[ MARC ]
| 000 -Satzkennung | |
|---|---|
| Kontrollfeld mit fester Länge | 00619naa a2200205 4500 |
| 001 - Kontrollnummer | |
| Kontrollfeld | 19858 |
| 003 - Kontrollnummer Identifier | |
| Kontrollfeld | OSt |
| 005 - Datum und Zeit der letzten Transaktion | |
| Kontrollfeld | 20240829111153.0 |
| 007 - Feld mit fester Länge zur physischen Beschreibung - Allgemeine Information | |
| Kontrollfeld mit fester Länge | tu |
| 008 - Feld mit fester Länge zur physischen Beschreibung - Allgemeine Angaben | |
| Kontrollfeld mit fester Länge | 180917|||||||||||| ger |
| 040 ## - Katalogisierungsquelle | |
| Original-Katalogisierungsstelle | DE-2950 |
| Übertragungsstelle | DE-2950 |
| 245 00 - Titel | |
| Titel | Die Führungselite in Frankfurt (Oder) am Ende der NS-Zeit. Teil 1 / |
| Verfasserangabe etc. | Wolfgang Buwert |
| 260 ## - Publikation, Vertrieb usw. | |
| Erscheinungsjahr, Vertriebsjahr etc. | 2024 |
| 546 ## - Fußnote zur Sprache | |
| Sprache | deutsch |
| 653 ## - Indexierungsterm - Nicht normiert | |
| Nicht-normierter Term | Frankfurt (Oder) 1933-1945 |
| 653 ## - Indexierungsterm - Nicht normiert | |
| Nicht-normierter Term | Nationalsozialismus |
| 653 ## - Indexierungsterm - Nicht normiert | |
| Nicht-normierter Term | Führungskraft |
| 773 0# - Übergeordnete Einheit | |
| Ort, Verlag und Erscheinungsjahr | Frankfurt (Oder) |
| Verknüpfungsangaben | Heft 1/ 2024, S. 8-35 |
| Titel | Mitteilungen Historischer Verein zu Frankfurt (Oder) e. V |
| Datensatzkontrollnummer | 11310 |
| 942 ## - Zusätzliche Felder (Koha) | |
| Klassifikation oder Aufstellungssystematik | Andere/Generische Klassifikation |
| Koha-Medientyp | Aufsätze |
| Ausgeschieden | Verloren | Klassifikation oder Aufstellungssystematik | Beschädigt | Nicht entleihbar | Heimatbibliothek | Aufenthaltsbibliothek | Aufstellungsort | Erwerbungsdatum | Anzahl Ausleihen | Signatur | Letzte Aktivität | Preis gültig von | Koha-Medientyp |
|---|---|---|---|---|---|---|---|---|---|---|---|---|---|
| Andere/Generische Klassifikation | Stadtarchiv Frankfurt (Oder) | Archivbibliothek | Stadtarchiv Frankfurt (Oder) | Archivbibliothek | Lesesaal | 29/08/2024 | II: 0273 ; FR1 | 29/08/2024 | 29/08/2024 | Aufsätze |